[Event "7th Iberoamerican-ch 2019"]
[Site "Linares"]
[Date "2019.08.10"]
[Round "1.17"]
[White "Salinas Herrera, Pablo"]
[Black "Jimenez Bernal, Francisco"]
[Result "1-0"]
[WhiteElo "2498"]
[BlackElo "2222"]
[Annotator "ChessBase"]
[PlyCount "65"]
[EventDate "2019.08.10"]
[EventType "swiss"]
[EventCountry "ESP"]
[SourceTitle "playchess.com"]
[Source "ChessBase"]
[SourceQuality "1"]
[TimeControl "5400+30"]

1. e4 {[%emt 0:00:16]} c5 {[%emt 0:00:00]} 2. Nf3 {[%emt 0:00:12]} d6 {[%emt 0:00:07]} 3. d4 {[%emt 0:00:28]} Nf6 {[%emt 0:00:41]} 4. Nc3 {[%emt 0:00:07]} cxd4 {[%emt 0:00:11]} 5. Nxd4 {[%emt 0:00:06]} a6 {[%emt 0:00:11]} 6. Be2 {[%emt 0:00:05]} e6 {[%emt 0:00:39]} 7. O-O {[%emt 0:00:45]} Be7 {[%emt 0:00:52]} 8. Be3 {[%emt 0:00:07]} O-O {[%emt 0:00:33]} 9. a4 {[%emt 0:00:08]} Qc7 {[%emt 0:00:45]} 10. f4 {[%emt 0:00:09]} Nc6 {[%emt 0:00:29]} 11. Kh1 {[%emt 0:00:05]} Re8 {[%emt 0:00:29]} 12. Bd3 {[%emt 0:00:23]} Bd7 {[%emt 0:05:43]} 13. Nf3 {[%emt 0:02:59]} Nb4 {[%emt 0:14:22]} 14. a5 {[%emt 0:00:10]} Rac8 {[%emt 0:00:58]} 15. Qe1 {[%emt 0:07:43]} d5 {[%emt 0:19:25]} 16. e5 {[%emt 0:05:07]} Ne4 {[%emt 0:00:14]} 17. Bb6 {[%emt 0:07:10]} Qb8 {[%emt 0:00:23]} 18. Bxe4 {[%emt 0:12:40]} dxe4 {[%emt 0:00:12]} 19. Qxe4 {[%emt 0:00:21]} Bc6 {[%emt 0:07:57]} 20. Qe2 {[%emt 0:00:10]} Bb5 {[%emt 0:03:05]} 21. Nxb5 {[%emt 0:00:08]} Rxc2 {[%emt 0:00:19]} 22. Qe4 {[%emt 0:00:09]} axb5 {[%emt 0:00:27]} 23. Nd4 {[%emt 0:00:06]} Rxb2 {[%emt 0:25:41]} 24. f5 {[%emt 0:00:09]} Nd5 {[%emt 0:00:28]} 25. fxe6 {[%emt 0:01:21]} fxe6 {[%emt 0:01:02]} 26. Nxe6 {[%emt 0:01:06]} Nxb6 {[%emt 0:02:37]} 27. Qf5 {[%emt 0:01:02]} Kh8 {[%emt 0:06:02]} 28. axb6 {[%emt 0:00:06]} Rg8 {[%emt 0:01:55]} 29. Rf3 {[%emt 0:02:51]} Qc8 {[%emt 0:04:21]} 30. Rg1 {[%emt 0:07:18]} Rc2 {[%emt 0:01:31]} 31. Rh3 {[%emt 0:00:14]} h6 {[%emt 0:00:53]} 32. Qg6 {[%emt 0:00:10]} Bf8 {[%emt 0:00:44]} 33. Ng5 {[%emt 0:00:06]} 1-0

[Event "7th Iberoamerican-ch 2019"]
[Site "Linares"]
[Date "2019.08.10"]
[Round "1.18"]
[White "Castillo Gallego, Sergio"]
[Black "Matamoros Franco, Carlos S."]
[Result "1/2-1/2"]
[WhiteElo "2203"]
[BlackElo "2498"]
[Annotator "ChessBase"]
[PlyCount "62"]
[EventDate "2019.08.10"]
[EventType "swiss"]
[EventCountry "ESP"]
[SourceTitle "playchess.com"]
[Source "ChessBase"]
[SourceQuality "1"]
[TimeControl "5400+30"]

1. e4 {[%emt 0:00:00]} c5 {[%emt 0:00:03]} 2. Nf3 {[%emt 0:00:00]} Nc6 {[%emt 0:00:23]} 3. Nc3 {[%emt 0:00:17]} g6 {[%emt 0:00:29]} 4. Bb5 {[%emt 0:00:26]} Bg7 {[%emt 0:00:19]} 5. O-O {[%emt 0:01:32]} e5 {[%emt 0:01:52]} 6. d3 {[%emt 0:02:13]} Nge7 {[%emt 0:00:18]} 7. Bg5 {[%emt 0:04:14]} h6 {[%emt 0:01:14]} 8. Be3 {[%emt 0:05:26]} Nd4 {[%emt 0:01:04]} 9. Bc4 {[%emt 0:03:29]} O-O {[%emt 0:05:42]} 10. Nd5 {[%emt 0:02:28]} d6 {[%emt 0:18:38]} 11. c3 {[%emt 0:18:10]} Ndc6 {[%emt 0:01:31]} 12. h3 {[%emt 0:07:54]} Be6 {[%emt 0:14:05]} 13. Nd2 {[%emt 0:17:30]} Bxd5 {[%emt 0:05:14]} 14. exd5 {[%emt 0:07:52]} Na5 {[%emt 0:00:12]} 15. f4 {[%emt 0:04:01]} Nxc4 {[%emt 0:14:29]} 16. dxc4 {[%emt 0:00:35]} Nf5 {[%emt 0:00:23]} 17. Qf3 {[%emt 0:01:46]} Nxe3 {[%emt 0:08:05]} 18. Qxe3 {[%emt 0:00:08]} exf4 {[%emt 0:00:21]} 19. Qxf4 {[%emt 0:01:44]} Qd7 {[%emt 0:01:03]} 20. Ne4 {[%emt 0:02:34]} Rad8 {[%emt 0:07:28]} 21. Nf6+ {[%emt 0:01:59]} Bxf6 {[%emt 0:00:05]} 22. Qxf6 {[%emt 0:00:04]} Rde8 {[%emt 0:00:21]} 23. Rae1 {[%emt 0:00:38]} a6 {[%emt 0:00:31]} 24. h4 {[%emt 0:02:23]} h5 {[%emt 0:00:22]} 25. a4 {[%emt 0:02:23]} Rxe1 {[%emt 0:01:55]} 26. Rxe1 {[%emt 0:00:14]} Qxa4 {[%emt 0:00:12]} 27. Re6 {[%emt 0:08:27]} Qd1+ {[%emt 0:15:29]} 28. Kh2 {[%emt 0:00:28]} fxe6 {[%emt 0:00:06]} 29. Qxg6+ {[%emt 0:00:32]} Kh8 {[%emt 0:00:04]} 30. Qh6+ {[%emt 0:01:07]} Kg8 {[%emt 0:00:04]} 31. Qg6+ {[%emt 0:00:37]} Kh8 {[%emt 0:00:05]} 1/2-1/2

[Event "7th Iberoamerican-ch 2019"]
[Site "Linares"]
[Date "2019.08.10"]
[Round "1.19"]
[White "Espinosa Aranda, Angel"]
[Black "Perera Borrego, Maria Adela"]
[Result "1-0"]
[WhiteElo "2488"]
[BlackElo "2179"]
[Annotator "ChessBase"]
[PlyCount "55"]
[EventDate "2019.08.10"]
[EventType "swiss"]
[EventCountry "ESP"]
[SourceTitle "playchess.com"]
[Source "ChessBase"]
[SourceQuality "1"]
[TimeControl "5400+30"]

1. Nf3 {[%emt 0:00:00]} Nf6 {[%emt 0:00:00]} 2. c4 {[%emt 0:00:07]} b6 {[%emt 0:00:08]} 3. g3 {[%emt 0:01:18]} Bb7 {[%emt 0:00:05]} 4. Bg2 {[%emt 0:00:05]} e5 {[%emt 0:01:20]} 5. O-O {[%emt 0:00:21]} d6 {[%emt 0:01:12]} 6. Nc3 {[%emt 0:01:07]} Be7 {[%emt 0:01:16]} 7. d4 {[%emt 0:02:49]} Nbd7 {[%emt 0:05:54]} 8. b3 {[%emt 0:09:13]} O-O {[%emt 0:01:00]} 9. Bb2 {[%emt 0:00:10]} Re8 {[%emt 0:02:00]} 10. d5 {[%emt 0:01:57]} Bf8 {[%emt 0:02:36]} 11. e4 {[%emt 0:00:11]} g6 {[%emt 0:01:53]} 12. Ne1 {[%emt 0:01:49]} Bg7 {[%emt 0:01:05]} 13. b4 {[%emt 0:04:23]} h6 {[%emt 0:05:29]} 14. Nd3 {[%emt 0:03:38]} Nh7 {[%emt 0:02:04]} 15. h4 {[%emt 0:06:25]} Ba6 {[%emt 0:01:38]} 16. Nb5 {[%emt 0:01:39]} Ndf8 {[%emt 0:05:11]} 17. h5 {[%emt 0:04:03]} Qd7 {[%emt 0:01:15]} 18. a4 {[%emt 0:00:20]} Nf6 {[%emt 0:05:03]} 19. hxg6 {[%emt 0:00:44]} fxg6 {[%emt 0:00:17]} 20. Rc1 {[%emt 0:12:04]} Re7 {[%emt 0:03:15]} 21. f4 {[%emt 0:07:37]} Bxb5 {[%emt 0:05:11]} 22. cxb5 {[%emt 0:00:40]} exf4 {[%emt 0:00:46]} 23. Nxf4 {[%emt 0:00:06]} Qe8 {[%emt 0:15:50]} 24. e5 {[%emt 0:08:57]} dxe5 {[%emt 0:06:49]} 25. d6 {[%emt 0:00:05]} cxd6 {[%emt 0:04:01]} 26. Nd5 {[%emt 0:00:09]} Rf7 {[%emt 0:06:03]} 27. Nxf6+ {[%emt 0:01:08]} Bxf6 {[%emt 0:01:24]} 28. Rxf6 {[%emt 0:00:13]} 1-0

[Event "7th Iberoamerican-ch 2019"]
[Site "Linares"]
[Date "2019.08.10"]
[Round "1.20"]
[White "Rodriguez Del Cerro, Ricardo"]
[Black "Garriga Cazorla, Pere"]
[Result "0-1"]
[WhiteElo "2235"]
[BlackElo "2495"]
[Annotator "ChessBase"]
[PlyCount "70"]
[EventDate "2019.08.10"]
[EventType "swiss"]
[EventCountry "ESP"]
[SourceTitle "playchess.com"]
[Source "ChessBase"]
[SourceQuality "1"]
[TimeControl "5400+30"]

1. c4 {[%emt 0:00:54]} c5 {[%emt 0:00:33]} 2. Nc3 {[%emt 0:00:44]} Nc6 {[%emt 0:00:43]} 3. g3 {[%emt 0:00:51]} g6 {[%emt 0:00:22]} 4. Bg2 {[%emt 0:00:39]} Bg7 {[%emt 0:00:09]} 5. a3 {[%emt 0:01:28]} e6 {[%emt 0:00:09]} 6. Rb1 {[%emt 0:01:21]} Nge7 {[%emt 0:00:07]} 7. b4 {[%emt 0:00:41]} d6 {[%emt 0:00:06]} 8. Nf3 {[%emt 0:00:39]} O-O {[%emt 0:00:40]} 9. O-O {[%emt 0:00:26]} Rb8 {[%emt 0:04:31]} 10. Qa4 {[%emt 0:05:22]} b6 {[%emt 0:02:46]} 11. Rd1 {[%emt 0:03:17]} Bb7 {[%emt 0:03:31]} 12. Bb2 {[%emt 0:01:15]} a6 {[%emt 0:16:44]} 13. e3 {[%emt 0:16:48]} e5 {[%emt 0:05:03]} 14. b5 {[%emt 0:21:08]} axb5 {[%emt 0:01:40]} 15. cxb5 {[%emt 0:01:56]} Na5 {[%emt 0:01:08]} 16. d4 {[%emt 0:06:15]} cxd4 {[%emt 0:01:01]} 17. exd4 {[%emt 0:00:21]} e4 {[%emt 0:00:08]} 18. Ne5 {[%emt 0:01:45]} dxe5 {[%emt 0:02:52]} 19. dxe5 {[%emt 0:01:40]} Qc8 {[%emt 0:00:09]} 20. Nxe4 {[%emt 0:03:10]} Qc4 {[%emt 0:03:08]} 21. Qxc4 {[%emt 0:02:14]} Nxc4 {[%emt 0:00:07]} 22. Rd7 {[%emt 0:01:01]} Bxe4 {[%emt 0:02:04]} 23. Bxe4 {[%emt 0:00:43]} Nxb2 {[%emt 0:00:31]} 24. Rxe7 {[%emt 0:00:54]} Nc4 {[%emt 0:00:06]} 25. Bd5 {[%emt 0:03:39]} Nxe5 {[%emt 0:00:58]} 26. Re1 {[%emt 0:02:01]} Ng4 {[%emt 0:01:25]} 27. h3 {[%emt 0:00:32]} Nf6 {[%emt 0:00:18]} 28. Bc6 {[%emt 0:00:56]} Rfd8 {[%emt 0:00:51]} 29. Ra7 {[%emt 0:01:24]} Bf8 {[%emt 0:00:32]} 30. Re2 {[%emt 0:02:10]} Bc5 {[%emt 0:00:51]} 31. Kg2 {[%emt 0:00:29]} h5 {[%emt 0:01:33]} 32. a4 {[%emt 0:01:52]} h4 {[%emt 0:00:40]} 33. a5 {[%emt 0:06:13]} bxa5 {[%emt 0:00:42]} 34. Rxa5 {[%emt 0:00:09]} hxg3 {[%emt 0:00:18]} 35. fxg3 {[%emt 0:00:17]} Rd3 {[%emt 0:00:08]} 0-1

[Event "7th Iberoamerican-ch 2019"]
[Site "Linares"]
[Date "2019.08.10"]
[Round "1.21"]
[White "Escobar Forero, Alder"]
[Black "Romero Berruezo, Francisco"]
[Result "1-0"]
[WhiteElo "2477"]
[BlackElo "2161"]
[Annotator "ChessBase"]
[PlyCount "103"]
[EventDate "2019.08.10"]
[EventType "swiss"]
[EventCountry "ESP"]
[SourceTitle "playchess.com"]
[Source "ChessBase"]
[SourceQuality "1"]
[TimeControl "5400+30"]

1. e4 {[%emt 0:00:00]} e5 {[%emt 0:00:00]} 2. Nf3 {[%emt 0:00:00]} Nc6 {[%emt 0:00:00]} 3. Bb5 {[%emt 0:01:09]} a6 {[%emt 0:00:20]} 4. Ba4 {[%emt 0:00:10]} Nf6 {[%emt 0:00:13]} 5. Nc3 {[%emt 0:02:31]} b5 {[%emt 0:04:42]} 6. Bb3 {[%emt 0:00:06]} Be7 {[%emt 0:00:26]} 7. d3 {[%emt 0:01:40]} O-O {[%emt 0:00:43]} 8. h3 {[%emt 0:03:19]} d6 {[%emt 0:00:58]} 9. a4 {[%emt 0:00:33]} b4 {[%emt 0:06:50]} 10. Nd5 {[%emt 0:00:11]} a5 {[%emt 0:06:52]} 11. c3 {[%emt 0:04:47]} Rb8 {[%emt 0:05:37]} 12. Be3 {[%emt 0:04:00]} bxc3 {[%emt 0:02:44]} 13. bxc3 {[%emt 0:00:11]} Ba6 {[%emt 0:01:09]} 14. Rb1 {[%emt 0:05:03]} Nd7 {[%emt 0:22:32]} 15. O-O {[%emt 0:02:48]} Nc5 {[%emt 0:17:27]} 16. Bxc5 {[%emt 0:23:29]} dxc5 {[%emt 0:00:18]} 17. Qe2 {[%emt 0:02:32]} Bd6 {[%emt 0:08:00]} 18. Ne3 {[%emt 0:06:34]} g6 {[%emt 0:03:23]} 19. Ng4 {[%emt 0:19:08]} h5 {[%emt 0:00:38]} 20. Ne3 {[%emt 0:03:06]} Kg7 {[%emt 0:00:29]} 21. Bd5 {[%emt 0:03:26]} Ne7 {[%emt 0:00:57]} 22. Bc4 {[%emt 0:00:53]} Bxc4 {[%emt 0:03:26]} 23. Nxc4 {[%emt 0:00:23]} Rxb1 {[%emt 0:00:28]} 24. Rxb1 {[%emt 0:00:07]} Nc6 {[%emt 0:01:14]} 25. Rb5 {[%emt 0:00:09]} Qa8 {[%emt 0:00:59]} 26. Qb2 {[%emt 0:00:50]} f6 {[%emt 0:04:20]} 27. Rb7 {[%emt 0:02:00]} Nd8 {[%emt 0:04:42]} 28. Rb5 {[%emt 0:05:27]} Nc6 {[%emt 0:00:08]} 29. Nfd2 {[%emt 0:00:26]} Rb8 {[%emt 0:02:11]} 30. Rxb8 {[%emt 0:00:28]} Qxb8 {[%emt 0:00:52]} 31. Qxb8 {[%emt 0:00:26]} Nxb8 {[%emt 0:00:02]} 32. Nxa5 {[%emt 0:00:11]} Kf7 {[%emt 0:00:18]} 33. Ndc4 {[%emt 0:01:15]} Be7 {[%emt 0:00:38]} 34. Ne3 {[%emt 0:01:28]} c6 {[%emt 0:01:35]} 35. g3 {[%emt 0:00:56]} Ke6 {[%emt 0:00:12]} 36. Kf1 {[%emt 0:00:12]} Kd7 {[%emt 0:00:17]} 37. Ke2 {[%emt 0:00:09]} Kc7 {[%emt 0:00:44]} 38. Nac4 {[%emt 0:01:27]} Nd7 {[%emt 0:00:27]} 39. f4 {[%emt 0:01:10]} Bf8 {[%emt 0:00:27]} 40. h4 {[%emt 0:00:37]} Bh6 {[%emt 0:01:25]} 41. Kf3 {[%emt 0:00:22]} g5 {[%emt 0:00:30]} 42. fxg5 {[%emt 0:03:31]} fxg5 {[%emt 0:00:09]} 43. hxg5 {[%emt 0:00:01]} Bxg5 {[%emt 0:00:10]} 44. Nf5 {[%emt 0:00:19]} Bf6 {[%emt 0:00:22]} 45. Nfd6 {[%emt 0:01:27]} Be7 {[%emt 0:01:04]} 46. Ne8+ {[%emt 0:00:37]} Kb7 {[%emt 0:00:28]} 47. Ng7 {[%emt 0:01:52]} Nb6 {[%emt 0:00:45]} 48. Nxb6 {[%emt 0:00:00]} Kxb6 {[%emt 0:00:00]} 49. Nxh5 {[%emt 0:00:00]} Ka5 {[%emt 0:00:00]} 50. c4 {[%emt 0:00:32]} Kxa4 {[%emt 0:00:05]} 51. Ng7 {[%emt 0:00:02]} Kb3 {[%emt 0:00:12]} 52. Ne6 {[%emt 0:00:06]} 1-0

[Event "7th Iberoamerican-ch 2019"]
[Site "Linares"]
[Date "2019.08.10"]
[Round "1.22"]
[White "Riquelme Valero, Manuel Damian"]
[Black "Moreno Ruiz, Javier"]
[Result "1/2-1/2"]
[WhiteElo "2157"]
[BlackElo "2473"]
[Annotator "ChessBase"]
[PlyCount "79"]
[EventDate "2019.08.10"]
[EventType "swiss"]
[EventCountry "ESP"]
[SourceTitle "playchess.com"]
[Source "ChessBase"]
[SourceQuality "1"]
[TimeControl "5400+30"]

1. d4 {[%emt 0:00:00]} Nf6 {[%emt 0:00:07]} 2. c4 {[%emt 0:00:24]} g6 {[%emt 0:00:28]} 3. Nc3 {[%emt 0:00:40]} Bg7 {[%emt 0:00:14]} 4. e4 {[%emt 0:00:11]} d6 {[%emt 0:00:04]} 5. h3 {[%emt 0:01:50]} O-O {[%emt 0:00:15]} 6. Bg5 {[%emt 0:00:09]} c5 {[%emt 0:01:33]} 7. d5 {[%emt 0:00:44]} e6 {[%emt 0:00:28]} 8. Bd3 {[%emt 0:01:45]} exd5 {[%emt 0:00:31]} 9. exd5 {[%emt 0:00:54]} Nbd7 {[%emt 0:01:29]} 10. Nf3 {[%emt 0:02:08]} Re8+ {[%emt 0:00:37]} 11. Kf1 {[%emt 0:00:28]} Ne5 {[%emt 0:01:40]} 12. Nxe5 {[%emt 0:00:20]} Rxe5 {[%emt 0:00:14]} 13. Bf4 {[%emt 0:03:25]} Re8 {[%emt 0:06:11]} 14. g4 {[%emt 0:05:24]} a6 {[%emt 0:02:34]} 15. a4 {[%emt 0:02:53]} h5 {[%emt 0:11:57]} 16. f3 {[%emt 0:07:19]} Nd7 {[%emt 0:07:29]} 17. Kg2 {[%emt 0:12:03]} Ne5 {[%emt 0:02:34]} 18. Qd2 {[%emt 0:05:20]} b6 {[%emt 0:12:31]} 19. Rae1 {[%emt 0:11:18]} Ra7 {[%emt 0:01:02]} 20. Re2 {[%emt 0:00:36]} Rae7 {[%emt 0:04:36]} 21. Rhe1 {[%emt 0:01:58]} hxg4 {[%emt 0:11:01]} 22. hxg4 {[%emt 0:01:44]} Nxd3 {[%emt 0:02:47]} 23. Qxd3 {[%emt 0:00:29]} Rxe2+ {[%emt 0:00:29]} 24. Rxe2 {[%emt 0:00:40]} Rxe2+ {[%emt 0:00:06]} 25. Qxe2 {[%emt 0:01:21]} f5 {[%emt 0:01:18]} 26. g5 {[%emt 0:01:35]} Kf7 {[%emt 0:00:28]} 27. Nd1 {[%emt 0:11:07]} Bd7 {[%emt 0:05:29]} 28. b3 {[%emt 0:01:09]} Qe7 {[%emt 0:08:19]} 29. Qxe7+ {[%emt 0:06:11]} Kxe7 {[%emt 0:00:04]} 30. Bd2 {[%emt 0:00:18]} b5 {[%emt 0:00:43]} 31. axb5 {[%emt 0:00:09]} axb5 {[%emt 0:00:04]} 32. Bc3 {[%emt 0:03:39]} Be5 {[%emt 0:01:41]} 33. Bxe5 {[%emt 0:04:18]} dxe5 {[%emt 0:00:04]} 34. Nb2 {[%emt 0:00:27]} Kd6 {[%emt 0:00:27]} 35. Kf2 {[%emt 0:01:51]} f4 {[%emt 0:09:42]} 36. Ke2 {[%emt 0:01:45]} Bf5 {[%emt 0:00:59]} 37. Nd3 {[%emt 0:01:18]} b4 {[%emt 0:01:23]} 38. Nf2 {[%emt 0:02:38]} Bc2 {[%emt 0:01:08]} 39. Ne4+ {[%emt 0:00:05]} Bxe4 {[%emt 0:00:07]} 40. fxe4 1/2-1/2

[Event "7th Iberoamerican-ch 2019"]
[Site "Linares"]
[Date "2019.08.10"]
[Round "1.23"]
[White "Del Rio De Angelis, Salvador G."]
[Black "Gomez Barrera, Javiera Belen"]
[Result "1-0"]
[WhiteElo "2464"]
[BlackElo "2156"]
[Annotator "ChessBase"]
[PlyCount "59"]
[EventDate "2019.08.10"]
[EventType "swiss"]
[EventCountry "ESP"]
[SourceTitle "playchess.com"]
[Source "ChessBase"]
[SourceQuality "1"]
[TimeControl "5400+30"]

1. d4 {[%emt 0:00:00]} Nf6 {[%emt 0:00:00]} 2. c4 {[%emt 0:00:00]} g6 {[%emt 0:00:09]} 3. Nc3 {[%emt 0:00:00]} Bg7 {[%emt 0:00:08]} 4. e4 {[%emt 0:00:09]} d6 {[%emt 0:00:42]} 5. h3 {[%emt 0:00:07]} O-O {[%emt 0:01:46]} 6. Be3 {[%emt 0:00:09]} Na6 {[%emt 0:02:06]} 7. g4 {[%emt 0:00:22]} c5 {[%emt 0:02:32]} 8. Nge2 {[%emt 0:00:37]} Rb8 {[%emt 0:07:09]} 9. Bg2 {[%emt 0:00:48]} b6 {[%emt 0:29:37]} 10. O-O {[%emt 0:03:27]} h5 {[%emt 0:08:35]} 11. f3 {[%emt 0:04:30]} Be6 {[%emt 0:03:29]} 12. b3 {[%emt 0:00:43]} Bd7 {[%emt 0:09:49]} 13. Qd2 {[%emt 0:01:34]} Qc8 {[%emt 0:04:09]} 14. Rad1 {[%emt 0:04:03]} Rd8 {[%emt 0:01:21]} 15. Nd5 {[%emt 0:01:16]} Nxd5 {[%emt 0:05:16]} 16. cxd5 {[%emt 0:00:11]} hxg4 {[%emt 0:01:23]} 17. hxg4 {[%emt 0:00:27]} Bb5 {[%emt 0:01:41]} 18. Rf2 {[%emt 0:02:23]} Bxe2 {[%emt 0:00:31]} 19. Qxe2 {[%emt 0:04:33]} cxd4 {[%emt 0:03:44]} 20. Bxd4 {[%emt 0:00:07]} Bxd4 {[%emt 0:00:53]} 21. Rxd4 {[%emt 0:00:08]} Qc1+ {[%emt 0:04:28]} 22. Rd1 {[%emt 0:00:25]} Qa3 {[%emt 0:05:16]} 23. Bf1 {[%emt 0:06:06]} Nb4 {[%emt 0:04:15]} 24. Qe3 {[%emt 0:01:23]} Kg7 {[%emt 0:01:58]} 25. g5 {[%emt 0:00:40]} Rbc8 {[%emt 0:00:55]} 26. e5 {[%emt 0:04:38]} Qa5 {[%emt 0:00:32]} 27. exd6 {[%emt 0:00:35]} Rxd6 {[%emt 0:00:32]} 28. Qe5+ {[%emt 0:01:52]} Kg8 {[%emt 0:00:29]} 29. Rh2 {[%emt 0:00:09]} Qc5+ {[%emt 0:00:28]} 30. Kh1 {[%emt 0:00:21]} 1-0

[Event "7th Iberoamerican-ch 2019"]
[Site "Linares"]
[Date "2019.08.10"]
[Round "1.24"]
[White "Fernandez Ayuso, Sergio"]
[Black "Roselli Mailhe, Bernardo"]
[Result "1-0"]
[WhiteElo "2173"]
[BlackElo "2471"]
[Annotator "ChessBase"]
[PlyCount "81"]
[EventDate "2019.08.10"]
[EventType "swiss"]
[EventCountry "ESP"]
[SourceTitle "playchess.com"]
[Source "ChessBase"]
[SourceQuality "1"]
[TimeControl "5400+30"]

1. d4 {[%emt 0:00:00]} Nf6 {[%emt 0:00:00]} 2. Nf3 {[%emt 0:00:00]} g6 {[%emt 0:00:00]} 3. Bf4 {[%emt 0:00:14]} Bg7 {[%emt 0:00:00]} 4. Nbd2 {[%emt 0:00:15]} O-O {[%emt 0:00:20]} 5. c3 {[%emt 0:00:18]} d6 {[%emt 0:00:09]} 6. h3 {[%emt 0:00:31]} c5 {[%emt 0:00:07]} 7. e3 {[%emt 0:00:04]} Nc6 {[%emt 0:00:19]} 8. Be2 {[%emt 0:00:27]} cxd4 {[%emt 0:00:07]} 9. cxd4 {[%emt 0:00:28]} e5 {[%emt 0:16:17]} 10. dxe5 {[%emt 0:15:02]} dxe5 {[%emt 0:00:07]} 11. Nxe5 {[%emt 0:00:39]} Nd5 {[%emt 0:00:06]} 12. Nxc6 {[%emt 0:00:04]} bxc6 {[%emt 0:00:05]} 13. Nc4 {[%emt 0:00:14]} Nxf4 {[%emt 0:06:45]} 14. exf4 {[%emt 0:00:44]} Qf6 {[%emt 0:00:38]} 15. O-O {[%emt 0:05:26]} Qxf4 {[%emt 0:01:04]} 16. Qc1 {[%emt 0:08:35]} Qf6 {[%emt 0:05:03]} 17. Rd1 {[%emt 0:02:44]} Be6 {[%emt 0:02:38]} 18. Rb1 {[%emt 0:05:36]} Qh4 {[%emt 0:10:01]} 19. b3 {[%emt 0:06:50]} Bd4 {[%emt 0:05:32]} 20. Ne3 {[%emt 0:00:25]} c5 {[%emt 0:00:11]} 21. Bc4 {[%emt 0:07:21]} Rfe8 {[%emt 0:00:58]} 22. Re1 {[%emt 0:05:55]} Rad8 {[%emt 0:20:10]} 23. Bxe6 {[%emt 0:09:05]} Rxe6 {[%emt 0:00:06]} 24. Ng4 {[%emt 0:00:07]} h5 {[%emt 0:03:41]} 25. Rxe6 {[%emt 0:04:05]} hxg4 {[%emt 0:00:19]} 26. Re3 {[%emt 0:09:37]} gxh3 {[%emt 0:08:29]} 27. Rxh3 {[%emt 0:00:52]} Qxf2+ {[%emt 0:00:06]} 28. Kh1 {[%emt 0:00:05]} Qxa2 {[%emt 0:00:38]} 29. Qf1 {[%emt 0:00:46]} a5 {[%emt 0:01:28]} 30. Re1 {[%emt 0:00:58]} Qc2 {[%emt 0:11:55]} 31. Qb5 {[%emt 0:02:04]} Qd2 {[%emt 0:04:05]} 32. Rf1 {[%emt 0:04:27]} Qb4 {[%emt 0:01:00]} 33. Qc6 {[%emt 0:02:34]} Qb8 {[%emt 0:00:32]} 34. Qe4 {[%emt 0:02:18]} Qe5 {[%emt 0:01:45]} 35. Qh4 {[%emt 0:00:18]} Rd7 {[%emt 0:00:10]} 36. Qh7+ {[%emt 0:00:35]} Kf8 {[%emt 0:00:05]} 37. Qxg6 {[%emt 0:00:43]} a4 {[%emt 0:01:40]} 38. Qc6 {[%emt 0:01:18]} Qd5 {[%emt 0:01:38]} 39. Qxa4 {[%emt 0:02:54]} Re7 {[%emt 0:00:16]} 40. Qa6 {[%emt 0:00:05]} Re6 {[%emt 0:00:55]} 41. Qd3 {[%emt 0:01:07]} 1-0

[Event "7th Iberoamerican-ch 2019"]
[Site "Linares"]
[Date "2019.08.10"]
[Round "1.25"]
[White "Larino Nieto, David"]
[Black "Garcia Paolicchi, Raul"]
[Result "1-0"]
[WhiteElo "2471"]
[BlackElo "2123"]
[Annotator "ChessBase"]
[PlyCount "103"]
[EventDate "2019.08.10"]
[EventType "swiss"]
[EventCountry "ESP"]
[SourceTitle "playchess.com"]
[Source "ChessBase"]
[SourceQuality "1"]
[TimeControl "5400+30"]

1. Nf3 {[%emt 0:00:47]} d5 {[%emt 0:00:00]} 2. b3 {[%emt 0:00:02]} c6 {[%emt 0:00:16]} 3. Bb2 {[%emt 0:00:11]} Bf5 {[%emt 0:00:34]} 4. d3 {[%emt 0:00:16]} Nf6 {[%emt 0:00:24]} 5. Nbd2 {[%emt 0:00:02]} e6 {[%emt 0:00:35]} 6. g3 {[%emt 0:00:22]} h6 {[%emt 0:00:30]} 7. Bg2 {[%emt 0:00:02]} Nbd7 {[%emt 0:00:47]} 8. O-O {[%emt 0:00:03]} Be7 {[%emt 0:00:21]} 9. e4 {[%emt 0:00:02]} dxe4 {[%emt 0:04:02]} 10. dxe4 {[%emt 0:00:19]} Bh7 {[%emt 0:00:30]} 11. Qe2 {[%emt 0:03:21]} O-O {[%emt 0:02:08]} 12. e5 {[%emt 0:00:16]} Nd5 {[%emt 0:01:27]} 13. c4 {[%emt 0:02:36]} N5b6 {[%emt 0:09:02]} 14. Ne4 {[%emt 0:00:44]} Qc7 {[%emt 0:00:27]} 15. Rfd1 {[%emt 0:00:12]} Nc8 {[%emt 0:12:41]} 16. Rd2 {[%emt 0:04:58]} Bxe4 {[%emt 0:17:59]} 17. Qxe4 {[%emt 0:08:04]} Nc5 {[%emt 0:00:30]} 18. Qc2 {[%emt 0:02:24]} Nb6 {[%emt 0:01:10]} 19. Rad1 {[%emt 0:02:13]} Rad8 {[%emt 0:00:31]} 20. Bc3 {[%emt 0:01:20]} Rxd2 {[%emt 0:02:07]} 21. Rxd2 {[%emt 0:00:02]} Rd8 {[%emt 0:00:53]} 22. a4 {[%emt 0:00:17]} Rxd2 {[%emt 0:02:23]} 23. Nxd2 {[%emt 0:09:06]} Na6 {[%emt 0:02:01]} 24. Ne4 {[%emt 0:01:45]} Nd7 {[%emt 0:03:08]} 25. f4 {[%emt 0:01:24]} Ndc5 {[%emt 0:06:27]} 26. Nxc5 {[%emt 0:01:43]} Bxc5+ {[%emt 0:00:24]} 27. Kf1 {[%emt 0:00:02]} Qe7 {[%emt 0:04:40]} 28. Bf3 {[%emt 0:00:46]} Bb4 {[%emt 0:01:12]} 29. Bb2 {[%emt 0:00:05]} Ba3 {[%emt 0:02:10]} 30. Ba1 {[%emt 0:00:06]} Qd7 {[%emt 0:02:05]} 31. Ke2 {[%emt 0:01:20]} Bc5 {[%emt 0:00:42]} 32. Bc3 {[%emt 0:00:36]} Qc7 {[%emt 0:01:20]} 33. Qd1 {[%emt 0:03:14]} Nb4 {[%emt 0:03:29]} 34. h4 Qb6 {[%emt 0:01:45]} 35. Be1 {[%emt 0:02:56]} a5 {[%emt 0:01:03]} 36. h5 {[%emt 0:00:43]} Bd4 {[%emt 0:03:50]} 37. Be4 {[%emt 0:01:50]} c5 {[%emt 0:02:07]} 38. Kf1 {[%emt 0:00:36]} Nc6 {[%emt 0:01:34]} 39. Qf3 {[%emt 0:00:09]} Nd8 {[%emt 0:03:15]} 40. Bc2 {[%emt 0:00:12]} Qc6 {[%emt 0:03:48]} 41. Qxc6 {[%emt 0:00:27]} Nxc6 {[%emt 0:00:13]} 42. Be4 {[%emt 0:00:04]} Nb4 {[%emt 0:00:47]} 43. Bxb7 {[%emt 0:00:03]} Kf8 {[%emt 0:01:35]} 44. Ke2 {[%emt 0:00:17]} f6 {[%emt 0:00:55]} 45. exf6 {[%emt 0:00:10]} gxf6 {[%emt 0:00:06]} 46. g4 {[%emt 0:00:18]} Kf7 {[%emt 0:00:45]} 47. Be4 {[%emt 0:00:13]} Kg7 {[%emt 0:00:24]} 48. Kf3 {[%emt 0:00:06]} Kf7 {[%emt 0:01:00]} 49. Bd2 {[%emt 0:00:02]} Kg7 {[%emt 0:00:20]} 50. Bb7 {[%emt 0:00:12]} Kf7 {[%emt 0:02:10]} 51. Ke4 {[%emt 0:00:02]} Ke7 {[%emt 0:00:29]} 52. f5 {[%emt 0:00:17]} 1-0